| 000 | 01273nam a2200361 c 4500 | ||
|---|---|---|---|
| 999 |
_c60981 _d60981 |
||
| 001 | 1124566724 | ||
| 003 | DE-101 | ||
| 005 | 20201124122634.0 | ||
| 007 | tu | ||
| 008 | 170201s2016 gw ||||| |||| 00||||ger | ||
| 015 |
_a17,A07 _2dnb |
||
| 016 | 7 |
_2DE-101 _a1124566724 |
|
| 020 |
_a9783933416988 _cBroschur |
||
| 035 | _a(DE-599)DNB1124566724 | ||
| 035 | _a(OCoLC)972903793 | ||
| 040 |
_a1139 _bger _cDE-101 _dSTAFF _erda |
||
| 041 | _ager | ||
| 044 | _cXA-DE-BB | ||
| 082 | 7 | 4 |
_a830 _aB _qDE-101 _223sdnb |
| 100 | 1 |
_0(DE-588)130595292 _0https://d-nb.info/gnd/130595292 _0(DE-101)130595292 _aWaligora, Gisela _d1936- _eVerfasser _4aut |
|
| 245 | 1 | 0 |
_aMuss meine eigenen Sterne machen _cGisela Waligora |
| 264 | 1 |
_a[Frankfurt (Oder)] _bGisela Waligora _c[2016] |
|
| 264 | 2 |
_aJacobsdorf _bVerlag Die Furt |
|
| 300 |
_a178 Seiten _c22 cm |
||
| 336 |
_aText _btxt _2rdacontent |
||
| 337 |
_aohne Hilfsmittel zu benutzen _bn _2rdamedia |
||
| 338 |
_aBand _bnc _2rdacarrier |
||
| 655 | 7 |
_0(DE-588)4002214-6 _0https://d-nb.info/gnd/4002214-6 _0(DE-101)040022145 _aAnthologie _2gnd-content |
|
| 655 | 7 |
_0(DE-101)1010836315 _aLyrik _2gatbeg |
|
| 856 | 4 | 2 |
_mB:DE-101 _qapplication/pdf _uhttps://d-nb.info/1124566724/04 _3Inhaltsverzeichnis |
| 942 |
_2z _cBK |
||